000 00626cam a22002293a 4500
001 39409
003 PGUSA
005 20140828083857.0
008 120409s2012||||xxu|||||s|||||000 | eng d
040 _aPGUSA
_beng
042 _adc
100 1 _aAeschylus,
_d-525--456
245 1 0 _aΠέρσαι
_h[electronic resource] /
_cAeschylus
260 _bProject Gutenberg,
_c2012
506 _aPublic domain in the USA.
516 _aElectronic text
700 1 _aZervos, Ioannis,
_d1875-1944
740 0 _aThe Persians
830 0 _aProject Gutenberg
_v39409
856 4 0 _uhttp://www.gutenberg.org/ebooks/39409
942 _cEB
999 _c268662
_d268662